Ústřední dopravní archiv - vznik a důsledky jeho likvidace

Titel: Ústřední dopravní archiv - vznik a důsledky jeho likvidace
Verfasser:
In: Archivní časopis, Band 46, Heft 4 (1996), Seite 193-202
alle Artikel anzeigen
Veröffentlicht: 1996
Format: Aufsatz
Sprache: Tschechisch
Kein Bild verfügbar
X
alg: 39301467
001A    $01999:11-11-16 
001B    $01999:06-04-21 $t20:53:04.000 
001C    $06050:19-11-16 $t09:25:47.000 
001D    $01999:11-11-16 
001U    $0utf8 
001X    $00 
002@    $0Aox 
003@    $0393014673 
007A    $0393014673 $aHEB 
007T    $0Herdp03128 
010@    $acze 
011@    $a1996 
021A    $aÚstřední dopravní archiv - vznik a důsledky jeho likvidace 
028A    $aKunt $dMiroslav 
031A    $d46 $e4 $h193-202 $j1996 
037A    $aněm. res. 202: Zentrales Verkehrsarchiv - seine Entstehung und Folgen seiner Auflösung 
039B    $aIn $8--Abvc--. Archivní časopis. - Praha, 1951-. - ISSN 0004-0398 $x199600000460004807 $9048203289 
045F    $a907.2094371 $eDDC23BSB 
045F/01 $a907.2 
045F/03 $g4371 
045T    $a7,41 

lok: 39301467 78

exp: 39301467 78 1 #EPN
201B/01 $026-11-17 $t01:27:39.000 
201U/01 $0utf8 
203@/01 $078912498X 
208@/01 $a11-11-16 $be 
209A/01 $a/ $f000 $x00 
220C/01 $aHerkunft: Hú Av Čr Praha 
244Z/01 $#Tschechien $#Tschechische Republik $#Tschechische Republik $#Tschechenland $#Tschechei Tschechien $#Česká Republika $#Czech Republic $#ČR $74303381-7 $8--Tg1--Tschechien $x01 $9086659812 
244Z/01 $2Trx $#Böhmen $#Bohemia $#Czechy $8--Trx--Čechy $x02 $9391188941 
244Z/01 $2Trx $#arhiivid riigi- $#valstybiniai archyvai $#Archives state $#levéltárak állami- $#archiwa państwowe $#archívy štátne $#archivy státní $#Staatsarchive $#Landesarchive $#public records office $8--Trx--Archive$gStaats- $x03 $9391371029 
244Z/01 $2Trx $#transport ja liiklus $#susisiekimas $#traffic $#szállítás és forgalom $#komunikacja i transport $#doprava $#doprava $#Verkehr $#transport $#spoje $8--Trx--Transport und Verkehr $x04 $9391358464 
244Z/01 $2Trx $8--Trx--Zeitschriftenaufsatz $x05 $9391384341 
245Z/01 $a04.02 $x01 
247C/01 $82080>Marburg/Lahn, Herder-Institut, Forschungsbibliothek, Bibliographieportal $9336309341
LEADER 00000caa a22000002c 4500
001 393014673
003 DE-603
005 20210406205304.0
007 tu
008 161111s1996 xx |||| | u00||u|cze c
035 |a (DE-599)HEB393014673 
040 |a DE-603  |b ger  |c DE-603  |d DE-603 
041 |a cze 
082 0 4 |8 1\u  |a 907.2094371  |q DE-101  |2 23/BSB 
084 |a 7,41  |2 ssgn 
085 |8 1\u  |b 907.2 
085 |8 1\u  |z 2  |s 4371 
100 1 |a Kunt, Miroslav 
245 0 0 |a Ústřední dopravní archiv - vznik a důsledky jeho likvidace 
264 0 |c 1996 
500 |a něm. res. 202: Zentrales Verkehrsarchiv - seine Entstehung und Folgen seiner Auflösung 
773 0 8 |i In  |t Archivní časopis  |d Praha, 1951-  |x 0004-0398  |g Band 46, Heft 4 (1996), Seite 193-202  |w (DE-603)048203289  |w (DE-600)950918-5 
924 0 |9 2080  |a (DE-603)78912498X  |b DE-2080  |c HES  |d d  |g /